Goldilocks and the Three Bears = Boucle d'Or et les trois ours
Award-winning language-learning innovator Ana Lomba transforms “Goldilocks and the Three Bears” into a way to introduce kids ages two to seven to French. It includes vivid illustrations, a mini “pictionary,” and frequent dialogs that model everyday communication. Accompanying the book is a 45-minute...
Kaydedildi:
| Yazar: | |
|---|---|
| Materyal Türü: | Kitap |
| Dil: | Undetermined |
| Baskı/Yayın Bilgisi: |
New York
McGraw-Hill
2006
|
| Konular: | |
| Etiketler: |
Etiketle
Etiket eklenmemiş, İlk siz ekleyin!
|
| Thư viện lưu trữ: | Trung tâm Học liệu Trường Đại học Cần Thơ |
|---|
| LEADER | 01195nam a2200229Ia 4500 | ||
|---|---|---|---|
| 001 | CTU_168206 | ||
| 008 | 210402s9999 xx 000 0 und d | ||
| 020 | |c 8.12 | ||
| 082 | |a 398.21 | ||
| 082 | |b L839 | ||
| 100 | |a Lomba, Ana | ||
| 245 | 0 | |a Goldilocks and the Three Bears = | |
| 245 | 0 | |b Boucle d'Or et les trois ours | |
| 245 | 0 | |c Ana Lomba ; illustrated by Santiago Cornejo ; French translation by Dominique Wenzel ; audio produced by Rob Zollman | |
| 260 | |a New York | ||
| 260 | |b McGraw-Hill | ||
| 260 | |c 2006 | ||
| 520 | |a Award-winning language-learning innovator Ana Lomba transforms “Goldilocks and the Three Bears” into a way to introduce kids ages two to seven to French. It includes vivid illustrations, a mini “pictionary,” and frequent dialogs that model everyday communication. Accompanying the book is a 45-minute audio CD that features a lively reading of the story, in French and English, helpful pronunciation basics, and fun games and activities. | ||
| 650 | |a French language,Fairy tales,Tiếng Pháp,Truyện thần thoại | ||
| 650 | |x Vocabulary,Từ vựng | ||
| 904 | |i Năm | ||
| 980 | |a Trung tâm Học liệu Trường Đại học Cần Thơ | ||